|
|
|
|
| LEADER |
03100nam a22004333i 4500 |
| 001 |
EBC6209901 |
| 003 |
MiAaPQ |
| 005 |
20231204023214.0 |
| 006 |
m o d | |
| 007 |
cr cnu|||||||| |
| 008 |
231204s2020 xx o ||||0 eng d |
| 020 |
|
|
|a 9783110669824
|q (electronic bk.)
|
| 035 |
|
|
|a (MiAaPQ)EBC6209901
|
| 035 |
|
|
|a (Au-PeEL)EBL6209901
|
| 035 |
|
|
|a (OCoLC)1143805500
|
| 040 |
|
|
|a MiAaPQ
|b eng
|e rda
|e pn
|c MiAaPQ
|d MiAaPQ
|
| 082 |
0 |
|
|a 410
|
| 100 |
1 |
|
|a Piirainen, Elisabeth.
|
| 245 |
1 |
0 |
|a Formulaic Language and New Data :
|b Theoretical and Methodological Implications.
|
| 250 |
|
|
|a 1st ed.
|
| 264 |
|
1 |
|a Berlin/Boston :
|b Walter de Gruyter GmbH,
|c 2020.
|
| 264 |
|
4 |
|c ©2020.
|
| 300 |
|
|
|a 1 online resource (286 pages)
|
| 336 |
|
|
|a text
|b txt
|2 rdacontent
|
| 337 |
|
|
|a computer
|b c
|2 rdamedia
|
| 338 |
|
|
|a online resource
|b cr
|2 rdacarrier
|
| 490 |
1 |
|
|a Formelhafte Sprache / Formulaic Language Series ;
|v v.3
|
| 505 |
0 |
|
|a Intro -- Acknowledgments -- Content -- Introduction: Formulaic Language and New Data -- Part I: Lesser-Used and Areally Limited Languages -- Lesser-Used Languages and their Contribution to the Study of Formulaic and Figurative Language -- Areal Variation and Change in the Phraseology of Contemporary German -- An Analysis of Basque Collocations Formed by Onomatopoeia and Verbs in a Translational Corpus of Literary Texts -- Part II: Languages Spoken outside Europe -- (How) is Formulaic Language Universal? Insights from Korean, German and English -- Marḥaban: Reconsidering the Criteria of an Arabic Phraseme -- Formulaic Expressions of Politeness in Jordanian Arabic Social Interactions -- Part III: Linguistic Varieties Used in Spoken Domains and/or Regarded as 'Conceptually Oral' -- New Pragmatic Idioms in Polish: An Integrated Approach in Pragmateme Research -- Compositionality: Evidence from Code- Switching -- Part IV: Earlier/Historical Stages of Language Development -- Insights into a Changing Communal Constructicon -- Religious Formulae in Historical Lower- Class Patient Letters.
|
| 520 |
|
|
|a The book series offers a platform for usage and corpus based, theoretical and methodical, synchronic and diachronic studies aiming at all forms of formulaicity - linguistic, cognitive, conceptual - at all levels of language system and in language use as well as in not purely linguistic areas.
|
| 588 |
|
|
|a Description based on publisher supplied metadata and other sources.
|
| 590 |
|
|
|a Electronic reproduction. Ann Arbor, Michigan : ProQuest Ebook Central, 2023. Available via World Wide Web. Access may be limited to ProQuest Ebook Central affiliated libraries.
|
| 655 |
|
4 |
|a Electronic books.
|
| 700 |
1 |
|
|a Filatkina, Natalia.
|
| 700 |
1 |
|
|a Stumpf, Sören.
|
| 700 |
1 |
|
|a Pfeiffer, Christian.
|
| 776 |
0 |
8 |
|i Print version:
|a Piirainen, Elisabeth
|t Formulaic Language and New Data
|d Berlin/Boston : Walter de Gruyter GmbH,c2020
|
| 797 |
2 |
|
|a ProQuest (Firm)
|
| 830 |
|
0 |
|a Formelhafte Sprache / Formulaic Language Series
|
| 856 |
4 |
0 |
|u https://ebookcentral.proquest.com/lib/matrademy/detail.action?docID=6209901
|z Click to View
|